List papeže dětem u příležitosti Roku rodiny /
Record details
- Physical Description: 7 s. ; 20 cm
- Publisher: Praha : Česká biskupská konference, 1995
Content descriptions
| General Note: | Přeloženo z italské verze latinského originálu |
Search for related items by subject
| Subject: | Jan Pavel II., papež, 1920-2005 |
| Genre: | papežské listy |
Search for related items by series
Available copies
- 1 of 1 copy available at Common Catalog SPOK.
Holds
- 0 current holds with 1 total copy.
Show Only Available Copies
| Location | Call Number / Copy Notes | Barcode | Shelving Location | Status | Due Date |
|---|---|---|---|---|---|
| Jabok Library | EK-4.1.3 | 424480038208 | Odborná literatura | Available | - |
| LDR | 01305nam a2200361 4500 | ||
|---|---|---|---|
| 001 | 32282 | ||
| 003 | CZ-PrJAB | ||
| 005 | 20190718082944.0 | ||
| 007 | tu | ||
| 008 | 950504s1995 xr u0|0 0 cze | ||
| 015 | . | ‡acnb000105547 | |
| 020 | . | ‡q(Brož.) : ‡cPro vnitřní potřebu | |
| 035 | . | ‡a(CZ PrNK)np9541164 | |
| 035 | . | ‡a(OCoLC)85667353 | |
| 040 | . | ‡aABA001 ‡bcze | |
| 041 | 1 | . | ‡acze ‡hita ‡hlat |
| 045 | . | ‡ax9x9 | |
| 080 | . | ‡a23/28 ‡2undef | |
| 080 | . | ‡a17 ‡2undef | |
| 100 | 0 | . | ‡aJan Pavel ‡bII., ‡cpapež, ‡d1920-2005 ‡7jn19981001536 ‡4aut |
| 245 | 1 | 0. | ‡aList papeže dětem u příležitosti Roku rodiny / |
| 260 | . | ‡aPraha : ‡bČeská biskupská konference, ‡c1995 | |
| 300 | . | ‡a7 s. ; ‡c20 cm | |
| 490 | 1 | . | ‡aBéžová řada ; ‡v12 |
| 500 | . | ‡aPřeloženo z italské verze latinského originálu | |
| 600 | 0 | 7. | ‡aJan Pavel ‡bII., ‡cpapež, ‡d1920-2005 ‡7jn19981001536 ‡2czenas |
| 653 | 0 | . | ‡aduchovní život ‡aděti ‡aglobální problémy ‡akřesťanská víra ‡akřesťanské rodiny ‡akřesťanský život |
| 655 | 7. | ‡apapežské listy ‡7fd133001 ‡2czenas | |
| 830 | 0. | ‡aBéžová řada | |
| 910 | . | ‡aABG312 | |
| 995 | . | ‡aska | |
| 964 | . | ‡aJan Pavel II. (papež, *1920) - listy papežské - r. 1994 | |
| 964 | . | ‡aděti - víra křesťanská - listy papežské - r. 1994 | |
| 964 | . | ‡aděti - život křesťanský - listy papežské - r. 1994 | |
| 901 | . | ‡a32282 ‡b ‡c32282 ‡tbiblio | |